Every DJ Khaled Collaboration - Statistics

General Stats
  • This quiz has been taken 10 times
  • The average score is 38 of 209
Answer Stats
Answer % Correct
Beyonce
100%
Drake
100%
Kanye West
100%
Kendrick Lamar
100%
Lil Wayne
100%
Big Sean
80%
Bryson Tiller
80%
Eminem
80%
Future
80%
Jay-Z
80%
Lil Baby
80%
Migos
80%
Quavo
80%
Rick Ross
80%
Rihanna
80%
21 Savage
60%
Birdman
60%
Buju Banton
60%
Busta Rhymes
60%
Chance the Rapper
60%
Chris Brown
60%
DaBaby
60%
Lil Durk
60%
Lil Uzi Vert
60%
Ludacris
60%
Meek Mill
60%
Nas
60%
Nicki Minaj
60%
Snoop Dogg
60%
Takeoff
60%
Wiz Khalifa
60%
2 Chainz
40%
Akon
40%
August Alsina
40%
Big K.R.I.T.
40%
Cardi B
40%
Diddy
40%
French Montana
40%
Gucci Mane
40%
H.E.R.
40%
Jadakiss
40%
J. Cole
40%
Jeremih
40%
Justin Bieber
40%
K.A.R.
40%
Mavado
40%
Megan Thee Stallion
40%
Plies
40%
SZA
40%
T.I.
40%
T-Pain
40%
Travis Scott
40%
Tyga
40%
Usher
40%
Wale
40%
Young Thug
40%
070 Shake
20%
Ace Hood
20%
Alicia Keys
20%
Calvin Harris
20%
Don Toliver
20%
Dre
20%
Fabolous
20%
Fat Joe
20%
Fetty Wap
20%
Fridayy
20%
Gunna
20%
Ja Rule
20%
Jennifer Lopez
20%
John Legend
20%
Juice Wrld
20%
Justin Timberlake
20%
Kent Jones
20%
Kodak Black
20%
Lil Boosie
20%
Meghan Trainor
20%
Paul Wall
20%
Pusha T
20%
Roddy Ricch
20%
Sean Paul
20%
Sizzla
20%
Trick Daddy
20%
YG
20%
Yo Gotti
20%
Young Jeezy
20%
A Boogie wit da Hoodie
0%
Ace Mac
0%
Amorphous
0%
Anitta
0%
Anthony Hamilton
0%
Asahd Khaled
0%
Baby Cham
0%
Bali
0%
Ball Greezy
0%
Bas
0%
Beanie Sigel
0%
Belly
0%
Betty Wright
0%
Big Boi
0%
Big Kuntry
0%
Blood Raw
0%
B.o.B
0%
Bone Thugs-n-Harmony
0%
Boosie Badazz
0%
Bounty Killer
0%
Brisco
0%
Bun B
0%
Capleton
0%
Casely
0%
Cassidy
0%
CeeLo Green
0%
Chamillionaire
0%
CHOPS
0%
City Girls
0%
Clipse
0%
Co
0%
Consequence
0%
Cool
0%
Cory Gunz
0%
C-Ride
0%
Dela
0%
Demi Lovato
0%
Desloc
0%
Dirt E Red
0%
DJ Doo Wop
0%
DJ Drama
0%
DJ Kay Slay
0%
DJ Premier
0%
Flo Rida
0%
Fly Nate
0%
Freeway
0%
Game
0%
Gunplay
0%
Hennessy
0%
Homeboy
0%
Ice Berg
0%
Jae Millz
0%
James Flauntleroy
0%
Jarvis
0%
J Balvin
0%
Jim Jones
0%
Joe Hound
0%
Juelz Santana
0%
Just Ivy
0%
Kat Dahlia
0%
Kevin Cossom
0%
Kevin Rudolf
0%
Keyshia Cole
0%
K. Foxx
0%
Kirko Bangz
0%
Latto
0%
Lil Blurry
0%
Lil Scrappy
0%
Lloyd
0%
Lunch Money
0%
Mack Maine
0%
Mariah Carey
0%
Mary J. Blige
0%
Miguel
0%
Mike Beck
0%
Missy Elliott
0%
Mos Def
0%
Nardo Wick
0%
Nelly
0%
Ne-Yo
0%
Nipsey Hussle
0%
PartyNextDoor
0%
Pharrell Williams
0%
Piccalo
0%
Pitbull
0%
P.M.
0%
Pooh Bear
0%
Post Malone
0%
Raekwon
0%
Ray J
0%
Rich Boy
0%
R. Kelly
0%
Rob Cash
0%
Rock City
0%
Roscoe Dash
0%
Rox
0%
Rum
0%
Scarface
0%
Schife
0%
Sech
0%
Seventeen
0%
Shareefa
0%
Shawty Lo
0%
Skillibeng
0%
Slick Pulla
0%
Slim Thug
0%
Soulja Boy
0%
Styles P
0%
Swizz Beatz
0%
The Dunk Ryders
0%
The Game
0%
Timbaland
0%
Toby Randall
0%
Trey Songz
0%
Trina
0%
Twista
0%
Vado
0%
Vory
0%
Waka Flocka Flame
0%
Willy Northpole
0%
Young Cash
0%
Young Dro
0%
Yung Berg
0%
No matching quizzes found
Score Distribution
Percent of People with Each Score
Percentile by Number Answered
Your Score History
You have not taken this quiz